000 00878cab a2200265 4500
001 WB3118-06
008 090401t1995 xxu||||| |||| 00| 0 eng d
035 _a(Sirsi) u65642
041 _aeng
245 _aRecovery by year end
260 _c1995
350 _a0
490 _aRICS Press Release
_v(PR52/95COMM) 10 May 1995, (2)
520 _aThe RICS/London Business School Commercial Property Model May 1995 forecast predicts a 4% increase in commercial property capital values in 1996 followed by 7% in 1997.
650 _aCAPITAL VALUES
650 _aCOMMERCIAL PROPERTY PRICES
650 _aFORECASTS
650 _aIPD MONTHLY INDEX
650 _aLBS / RICS COMMERCIAL PROPERTY MODEL
650 _aLONDON BUSINESS SCHOOL
650 _aRICS / LBS COMMERCIAL PROPERTY MODEL
690 _aPROPERTY-COMMERCIAL PROPERTY
942 _n0
948 _c04/03/1997
999 _c40953
_d40953